000 00567nam a2200193Ia 4500
005 20250326144659.0
008 250326s9999 xx 000 0 und d
037 _aTextbook
040 _aFMSL
_beng
_cFMSL
041 _aeng
_2eng
084 _aX:87(SNI) P6
_qFMSL
100 _aHowell J P
_9749986
245 0 _aUnderstanding behaviors for effective leadership
_cHowell J P; Costley D L
260 _aNew Delhi
_bNew Delhi, PHI Learning
_c2006
365 _b325
650 _aManagement
942 _cTB
_hX:87(SNI) P6
999 _c1304602
_d1304602